000 00520nam a2200181Ia 4500
999 _c13168
_d13168
003 OSt
005 20201016143041.0
008 190216s9999||||xx |||||||||||||| ||und||
020 _a0582485835
040 _coclc
082 _a371.102072
_bBEN/F
100 _aBennett, Neville
_95833
245 0 _aFocus On Teaching /
_cNeville Bennett ; David McNamara
260 _bLongmans,
_aLondon:
_c1979.
300 _a257p
650 _aEnglish
942 _cBK
_2ddc
_h371.102072
_iBEN/F
_k371.102072
_mBEN/F